<?xml version="1.0" encoding="UTF-8"?>
<record
    xmlns:xsi="http://www.w3.org/2001/XMLSchema-instance"
    xsi:schemaLocation="http://www.loc.gov/MARC21/slim http://www.loc.gov/standards/marcxml/schema/MARC21slim.xsd"
    xmlns="http://www.loc.gov/MARC21/slim">

  <leader>01224nam a22003251i 4500</leader>
  <controlfield tag="005">20210816094635.0</controlfield>
  <controlfield tag="008">210816t2020    it a|||j  ||| 000 1 eng d</controlfield>
  <datafield tag="020" ind1=" " ind2=" ">
    <subfield code="a">9788854417250</subfield>
    <subfield code="c">RM 46.90</subfield>
    <subfield code="q">hardback</subfield>
  </datafield>
  <datafield tag="040" ind1=" " ind2=" ">
    <subfield code="a">PPAK</subfield>
    <subfield code="b">eng</subfield>
    <subfield code="c">PPAK</subfield>
    <subfield code="e">rda</subfield>
  </datafield>
  <datafield tag="082" ind1="0" ind2="4">
    <subfield code="2">23</subfield>
    <subfield code="a">372</subfield>
  </datafield>
  <datafield tag="090" ind1="0" ind2="0">
    <subfield code="a">372</subfield>
    <subfield code="b">PIR</subfield>
    <subfield code="d">K</subfield>
  </datafield>
  <datafield tag="100" ind1="1" ind2=" ">
    <subfield code="a">Piroddi, Chiara, </subfield>
    <subfield code="c">Dr.</subfield>
    <subfield code="d">1982-</subfield>
    <subfield code="e">author.</subfield>
  </datafield>
  <datafield tag="245" ind1="1" ind2="0">
    <subfield code="a">FiRSt DaY at PRESCHOOL :</subfield>
    <subfield code="b">TiM'S TiPS /</subfield>
    <subfield code="c">TEXT BY DR. CHIARA PIRODDI ; ILLUSTRATIONS BY FEDERICA NUCCIO AND ROBERTA VOTTERO</subfield>
  </datafield>
  <datafield tag="264" ind1=" " ind2="1">
    <subfield code="a">Milan, Italy :</subfield>
    <subfield code="b">White Star Kids ,</subfield>
    <subfield code="c">2020</subfield>
  </datafield>
  <datafield tag="264" ind1=" " ind2="4">
    <subfield code="c">&#xA9;2020</subfield>
  </datafield>
  <datafield tag="300" ind1=" " ind2=" ">
    <subfield code="a">1 volume (unpaged) :</subfield>
    <subfield code="b">colour illustrations ;</subfield>
    <subfield code="c">23 cm.</subfield>
  </datafield>
  <datafield tag="336" ind1=" " ind2=" ">
    <subfield code="2">rdacontent</subfield>
    <subfield code="a">text</subfield>
  </datafield>
  <datafield tag="337" ind1=" " ind2=" ">
    <subfield code="2">rdamedia</subfield>
    <subfield code="a">unmediated</subfield>
  </datafield>
  <datafield tag="338" ind1=" " ind2=" ">
    <subfield code="2">rdacarrier</subfield>
    <subfield code="a">volume</subfield>
  </datafield>
  <datafield tag="490" ind1="1" ind2=" ">
    <subfield code="a">SoS PaREntS! </subfield>
  </datafield>
  <datafield tag="500" ind1=" " ind2=" ">
    <subfield code="a">"5 infallible solutions"--Cover.
"Includes advice from a psychologist"--Cover.
Cover title.
On board pages.</subfield>
  </datafield>
  <datafield tag="650" ind1="1" ind2="0">
    <subfield code="a">First day of school</subfield>
    <subfield code="x">Pictorial works </subfield>
    <subfield code="v">Juvenile literature.</subfield>
  </datafield>
  <datafield tag="650" ind1="2" ind2="0">
    <subfield code="a">Picture books.</subfield>
  </datafield>
  <datafield tag="650" ind1="2" ind2="0">
    <subfield code="a">Separation anxiety in children</subfield>
  </datafield>
  <datafield tag="650" ind1="2" ind2="0">
    <subfield code="a">Bashfulness in children</subfield>
  </datafield>
  <datafield tag="700" ind1="1" ind2=" ">
    <subfield code="a">Nuccio, Federica </subfield>
    <subfield code="e">illustrator.</subfield>
  </datafield>
  <datafield tag="700" ind1="1" ind2=" ">
    <subfield code="a">Vottero, Roberta </subfield>
    <subfield code="e">illustrator.</subfield>
  </datafield>
  <datafield tag="830" ind1=" " ind2="0">
    <subfield code="a">SoS PaREntS! </subfield>
  </datafield>
  <datafield tag="942" ind1=" " ind2=" ">
    <subfield code="2">ddc</subfield>
    <subfield code="c">B</subfield>
  </datafield>
  <datafield tag="999" ind1=" " ind2=" ">
    <subfield code="c">184672</subfield>
    <subfield code="d">184672</subfield>
  </datafield>
  <datafield tag="952" ind1=" " ind2=" ">
    <subfield code="0">0</subfield>
    <subfield code="7">0</subfield>
    <subfield code="b">SP</subfield>
    <subfield code="c">K</subfield>
    <subfield code="d">2021-08-29</subfield>
    <subfield code="l">4</subfield>
    <subfield code="m">1</subfield>
    <subfield code="o">K 372 PIR</subfield>
    <subfield code="p">A01700263</subfield>
    <subfield code="r">2025-11-01 10:38:23</subfield>
    <subfield code="s">2025-10-18</subfield>
    <subfield code="y">B</subfield>
  </datafield>
  <datafield tag="952" ind1=" " ind2=" ">
    <subfield code="0">0</subfield>
    <subfield code="7">0</subfield>
    <subfield code="b">JT</subfield>
    <subfield code="c">K</subfield>
    <subfield code="d">2021-08-29</subfield>
    <subfield code="l">1</subfield>
    <subfield code="o">K 372 PIR</subfield>
    <subfield code="p">A01700264</subfield>
    <subfield code="r">2022-08-13 00:00:00</subfield>
    <subfield code="s">2022-08-06</subfield>
    <subfield code="y">B</subfield>
  </datafield>
  <datafield tag="952" ind1=" " ind2=" ">
    <subfield code="0">0</subfield>
    <subfield code="7">0</subfield>
    <subfield code="b">KM</subfield>
    <subfield code="c">K</subfield>
    <subfield code="d">2021-08-29</subfield>
    <subfield code="l">4</subfield>
    <subfield code="m">1</subfield>
    <subfield code="o">K 372 PIR</subfield>
    <subfield code="p">A01700265</subfield>
    <subfield code="r">2026-04-12 16:08:08</subfield>
    <subfield code="s">2026-04-05</subfield>
    <subfield code="y">B</subfield>
  </datafield>
  <datafield tag="952" ind1=" " ind2=" ">
    <subfield code="0">0</subfield>
    <subfield code="7">0</subfield>
    <subfield code="b">PPAK</subfield>
    <subfield code="c">K</subfield>
    <subfield code="d">2021-08-29</subfield>
    <subfield code="l">1</subfield>
    <subfield code="m">1</subfield>
    <subfield code="o">K 372 PIR</subfield>
    <subfield code="p">A01700262</subfield>
    <subfield code="r">2023-10-05 13:44:55</subfield>
    <subfield code="s">2023-07-13</subfield>
    <subfield code="y">B</subfield>
  </datafield>
</record>
